000 00662nam a2200229 a 4500
999 _c829
_d829
008 191101s2004 ii a|||g |||| 00| 0|eng d
020 _a9780670058167
_cRs. 299.00
040 _aKO
_beng
041 0 _aeng
044 _aii
082 0 4 _223
_a920
_bN315
100 1 _aNehru, Jawaharlal
245 1 0 _aLetters from a father to his Daughter /
_cJawaharlal Nehru
260 _aNew Delhi :
_bPuffin Books (Penguin Books India Pvt. Ltd.) ,
_c2004
300 _a154 p. ;
_c22 cm.
600 _aNehru, Jawaharlal
650 0 _aCorrespondence; Gandhi, Indira, 1917-1984
_zIndia
650 0 _aHistory, Ancient
_zIndia
904 _aA_BOSE
942 _cBK